LEADER 04814nam 22005655 450 001 9910409680803321 005 20250610110151.0 010 $a3-030-35622-1 024 7 $a10.1007/978-3-030-35622-4 035 $a(CKB)4100000010673462 035 $a(MiAaPQ)EBC6142509 035 $a(DE-He213)978-3-030-35622-4 035 $a(PPN)243228511 035 $a(MiAaPQ)EBC29090461 035 $a(EXLCZ)994100000010673462 100 $a20200319d2020 u| 0 101 0 $aeng 135 $aurcnu|||||||| 181 $ctxt$2rdacontent 182 $cc$2rdamedia 183 $acr$2rdacarrier 200 10$aMeasuring the Effectiveness of Real Estate Regulation $eInterdisciplinary Perspectives /$fedited by Ronit Levine-Schnur 205 $a1st ed. 2020. 210 1$aCham :$cSpringer International Publishing :$cImprint: Springer,$d2020. 215 $a1 online resource (219 pages) 311 08$a3-030-35621-3 320 $aIncludes bibliographical references. 327 $aChapter 1. Measuring the Demand for Land Under Sorting and Matching -- Chapter 2. Capitalization and Exclusionary Zoning -- Chapter 3. The Long-Run Impact of Zoning in U.S. Cities -- Chapter 4. Tracing the Effectiveness of Land-Use Regulation: The Case of Heritage Protection Measures, Flexibility, and Adaptations -- Chapter 5. Scattered Governance: A Typology for Toronto?s Business Improvement Areas -- Chapter 6. China?s land granting reform for industrial land: A quasi experimental evaluation -- Chapter 7. Success Factors of Building Land Strategies ? Differences and Commons of the Approaches -- Chapter 8. The effect of formal property rights regime on urban development and planning methods in the context of post-socialist transformation -- Chapter 9. Anchoring and Adjustment in the Mortgage Market: A Regulatory Experiment -- Chapter 10. Dealing With An Anchoring Bias In The Mortgage Market: Regulatory Proposals -- Chapter 11. European Property Law: Competence, Integration and Effectiveness. 330 $aThis book discusses the fundamental issues regarding the effect of real estate regulation on housing, urban development, and considerations of justice and efficiency. Bringing together the contributions of prominent scholars representing diverse methodologies and academic disciplines, this book offers new perspectives on core topics such as the effectiveness of land use regulation in terms of housing availability, enhanced equality, and sustainable development; and different modes of regulation and their mutual influences. The book?s eleven chapters are divided into five parts which address different aspects of real estate regulation, combining theoretical analysis with a close observation of diverse case studies, from North America and Europe to China, the Middle East, and developing economies. Part I offers cutting-edge analysis on how to measure, model, and understand the impact of zoning and other modes of real estate regulation, from economic and normative theoretical viewpoints. Part II complements Part I by providing historical observations and empirical knowledge on the actual contribution of zoning and historical conservation regulation to cities? shape. Part III considers the outcomes of business and industrial land development policies. Part IV studies urban land development regulation and allows to compare between two relevant case studies?one from Germany, and the other from Poland. Finally, Part V concerns standardization in the real estate market by analyzing the justification and outcomes of such attempts, particularly in the mortgages market. Providing an interface between theory and practice, the book will appeal to a broad audience, consisting of scholars, policy-makers, practitioners, and students, interested in an interdisciplinary overlook on real estate regulation. 606 $aPublic administration 606 $aEconomic policy 606 $aMunicipal government 606 $aPublic Administration$3https://scigraph.springernature.com/ontologies/product-market-codes/W34030 606 $aDevelopment Policy$3https://scigraph.springernature.com/ontologies/product-market-codes/913020 606 $aUrban Politics$3https://scigraph.springernature.com/ontologies/product-market-codes/911270 615 0$aPublic administration. 615 0$aEconomic policy. 615 0$aMunicipal government. 615 14$aPublic Administration. 615 24$aDevelopment Policy. 615 24$aUrban Politics. 676 $a333.33 702 $aLevine-Schnur$b Ronit$4edt$4http://id.loc.gov/vocabulary/relators/edt 801 0$bMiAaPQ 801 1$bMiAaPQ 801 2$bMiAaPQ 906 $aBOOK 912 $a9910409680803321 996 $aMeasuring the Effectiveness of Real Estate Regulation$91947574 997 $aUNINA